Status, quality and the other trade-off: towards a new theory of urban residential location (Record no. 45147)

000 -LEADER
fixed length control field 01250pab a2200169 454500
008 - FIXED-LENGTH DATA ELEMENTS--GENERAL INFORMATION
fixed length control field 180718b2000 xxu||||| |||| 00| 0 eng d
100 ## - MAIN ENTRY--PERSONAL NAME
Personal name Phe, Hoang Huu
245 ## - TITLE STATEMENT
Title Status, quality and the other trade-off: towards a new theory of urban residential location
260 ## - PUBLICATION, DISTRIBUTION, ETC.
Date of publication, distribution, etc. 2000
300 ## - PHYSICAL DESCRIPTION
Extent p.7-35
362 ## - DATES OF PUBLICATION AND/OR SEQUENTIAL DESIGNATION
Dates of publication and/or sequential designation Jan
520 ## - SUMMARY, ETC.
Summary, etc. The existing models of residential location are facing difficulties in explaining new trends in urban development such as gentrification and abandonment. The mainstream approach which stresses the bid-rent formulations and the access/space trade-off seems to be at variance with the current reality of dispersal of both industry and housing in modern cities. In this paper, it is proposed that the focus on the city centre(s) and distance(s) from it (or them) should be shifted to two other categories of parameter; housing status and dwelling quality. A model of interaction between these parameters can be used not only to describe but also to predict various types of residential development in different urban contexts. The components of a new theory of residential location are proposed. - Reproduced
650 ## - SUBJECT ADDED ENTRY--TOPICAL TERM
Topical term or geographic name entry element Urban development
700 ## - ADDED ENTRY--PERSONAL NAME
Personal name Wakely, Patrick
773 ## - HOST ITEM ENTRY
Main entry heading Urban Studies
909 ## -
-- 45147
Holdings
Withdrawn status Lost status Damaged status Not for loan Permanent Location Current Location Date acquired Serial Enumeration / chronology Barcode Date last seen Price effective from Koha item type
        Indian Institute of Public Administration Indian Institute of Public Administration 2018-07-19 Volume no: 37, Issue no: 1 AR45569 2018-07-19 2018-07-19 Articles

Powered by Koha